Countries, US States, Capitals, Elements, 100 Most Common Words: Initial Letter same as 3rd Letter - Statistics

General Stats
  • This quiz has been taken 240 times
  • The average score is 6 of 9
Answer Stats
ANSWER % Correct
Alabama
95%
Alaska
84%
Uruguay
76%
Iridium
70%
Papua New Guinea
68%
Lilongwe
66%
Dodoma
65%
Even
62%
Titanium
62%
No matching quizzes found
Score Distribution
Percent of People with Each Score
Percentile by Number Answered
Your Score History
You have not taken this quiz